All of Soult's Battles - Statistics

General Stats
  • This quiz has been taken 4 times
  • The average score is 10 of 44
Answer Stats
Year Battle % Correct
1809 1st Battle of Porto
67%
1799 1st Battle of Zurich
67%
1809 2nd Battle of Porto
67%
1794 Battle of Fleurus
67%
1815 Battle of Waterloo
67%
1810-1812 Siege of Cádiz
67%
1811 Battle of Albuera
33%
1807 Battle of Allenstein
33%
1794 Battle of Arlon
33%
1805 Battle of Austerlitz
33%
1809 Battle of Braga
33%
1809 Battle of Corunna
33%
1807 Battle of Guttstadt-Deppen
33%
1793 Battle of Kaiserslautern
33%
1815 Battle of Ligny
33%
1813 Battle of San Marcial
33%
1813 Battle of the Bidassoa
33%
1813 Battle of the Nive
33%
1813 Battle of the Nivelle
33%
1813 Battle of the Pyrenees
33%
1814 Battle of Toulouse
33%
1800 Siege of Genoa
33%
1794-1795 Siege of Luxembourg
33%
1811 Siege of Olivença
33%
1811 1st Siege of Badajoz
0%
1793 2nd Battle of Wissembourg
0%
1794 Battle of Aldenhoven
0%
1796 Battle of Altenkirchen
0%
1809 Battle of Arzobispo
0%
1813 Battle of Bautzen
0%
1808 Battle of Gamonal
0%
1799 Battle of Glarus
0%
1799 Battle of Linth River
0%
1806 Battle of Lübeck
0%
1813 Battle of Lützen
0%
1808 Battle of Mansilla
0%
1805 Battle of Memmingen
0%
1799 Battle of Muottental
0%
1809 Battle of Ocaña
0%
1814 Battle of Orthez
0%
1799 Battle of Stockach
0%
1811 Battle of the Gebora
0%
1811 Battle of Zújar
0%
1809 Siege of Chaves
0%
No matching quizzes found
Score Distribution
Percent of People with Each Score
Percentile by Number Answered
Your Score History
You have not taken this quiz